00594nam a22002177a 450000100060000000300080000600500170001400800410003103500140007204000270008604100080011308200190012110000240014024500570016426000300022130000270025150400410027865000100031965100310032983000160036028731BD-RjUL20211209051324.0140331s1934 bg ab 000 0 eng d a(BD-RjUL) aDLCcDLCbengdBD-RjUL aeng a954bROS 19341 aRoy, Nirod Bhushan.14aThe successors of Sher Shah /cby Nirod Bhushan Roy. aDacca :bBina Roy,c1934. ax, 104, v p. ;c18 cm. aIncludes bibliographical references. aIndia 0aIndiaxHistoryy1526-1765. 0vitem 10758.